[Event "Kiev Two Knights sf-A"]
[Site "Kiev"]
[Date "2003.01.11"]
[Round "3.2"]
[White "Shishkin, Vadim"]
[Black "Vysochin, Spartak"]
[Result "0-1"]
[WhiteElo "2404"]
[BlackElo "2554"]
[PlyCount "80"]
[EventDate "2003.01.11"]
[Source "ChessBase"]
[SourceDate "2003.03.07"]

1. e4 e5 2. Nf3 Nc6 3. Bc4 Nf6 4. Ng5 d5 5. exd5 Na5 6. Bb5+ c6 7. dxc6 bxc6 8. Be2 h6 9. Nh3 g5 10. Nc3 Bg7 11. d3 Rb8 12. b3 O-O 13. Bb2 c5 14. Ng1 Nc6 15. Nf3 Be6 16. h3 Nd7 17. g4 Nd4 18. Nxd4 exd4 19. Ne4 f5 20. gxf5 Bxf5 21. Bf3 c4 22. Qe2 Qa5+ 23. Kf1 c3 24. Bc1 Ne5 25. Bg2 Ng6 26. a4 Rbe8 27. f3 Re6 28. Kg1 Be5 29. Ba3 Bf4 30. Bxf8 Be3+ 31. Kf1 Kxf8 32. Qe1 Bxe4 33. fxe4 Rf6+ 34. Ke2 Nf4+ 35. Kd1 Nxg2 36. Qe2 Nf4 37. Qg4 Ng6 38. Qc8+ Kg7 39. Qb7+ Rf7 40. Qb5 Qc7 0-1

[Event "Kiev Two Knights sf-A"]
[Site "Kiev"]
[Date "2003.01.11"]
[Round "3.1"]
[White "Vysochin, Spartak"]
[Black "Shishkin, Vadim"]
[Result "1-0"]
[WhiteElo "2554"]
[BlackElo "2404"]
[PlyCount "65"]
[EventDate "2003.01.11"]
[Source "ChessBase"]
[SourceDate "2003.03.07"]

1. e4 e5 2. Nf3 Nc6 3. Bc4 Nf6 4. Ng5 d5 5. exd5 Na5 6. Bb5+ c6 7. dxc6 bxc6 8. Be2 h6 9. Nh3 Bd6 10. Nc3 O-O 11. d3 Nd5 12. O-O Nxc3 13. bxc3 Qh4 14. Kh1 Bxh3 15. gxh3 Qxh3 16. Rg1 f5 17. Rg3 Qh4 18. Qg1 Kh8 19. Qg2 f4 20. Rg4 Qe7 21. Bd2 Rab8 22. Rg1 Rf7 23. Bf3 Qf8 24. Be4 Be7 25. Rg6 Bf6 26. c4 Nb7 27. Bxc6 Nc5 28. Bd5 Rc7 29. Bc3 Qe7 30. Qh3 Kh7 31. Qf5 Kh8 32. Qh5 Qf8 33. Bxe5 1-0

[Event "Ubeda op 6th"]
[Site "Ubeda"]
[Date "2001.01.29"]
[Round "9.21"]
[White "Lalic, Bogdan"]
[Black "Jonkman, Harmen"]
[Result "1-0"]
[WhiteElo "2531"]
[BlackElo "2424"]
[PlyCount "69"]
[EventDate "2001.01.21"]
[Source "ChessBase"]
[SourceDate "2001.03.08"]

1. e4 e5 2. Nf3 Nc6 3. Bc4 Nf6 4. Ng5 d5 5. exd5 Na5 6. Bb5+ c6 7. dxc6 bxc6 8. Be2 h6 9. Nh3 Bd6 10. d3 O-O 11. Nc3 Nd5 12. O-O Qh4 13. Kh1 Bxh3 14. gxh3 Qxh3 15. Rg1 e4 16. Rg2 exd3 17. Qxd3 Qxd3 18. Bxd3 Nf4 19. Bxf4 Bxf4 20. Ne4 Be5 21. Rb1 Nb7 22. b4 Rab8 23. f4 Bxf4 24. Nf6+ Kh8 25. Nd7 Nd6 26. Re2 Bg5 27. Nxb8 Rxb8 28. Re5 Nb5 29. Rc5 Nd4 30. c3 Nf3 31. Rf1 Nh4 32. Rxc6 Rd8 33. Rd1 Nf3 34. Bc2 Re8 35. Bf5 1-0

[Event "Kiev Two Knights sf-B"]
[Site "Kiev"]
[Date "2003.01.11"]
[Round "1.2"]
[White "Kosikov, Alexey I"]
[Black "Timoshenko, Georgy"]
[Result "1/2-1/2"]
[WhiteElo "2412"]
[BlackElo "2539"]
[PlyCount "40"]
[EventDate "2003.01.11"]
[Source "ChessBase"]
[SourceDate "2003.03.07"]

1. e4 e5 2. Nf3 Nc6 3. Bc4 Nf6 4. Ng5 d5 5. exd5 Na5 6. Bb5+ c6 7. dxc6 bxc6 8. Be2 h6 9. Nh3 Bd6 10. d3 O-O 11. Nc3 Nd5 12. O-O Qh4 13. Bf3 Nxc3 14. bxc3 g5 15. Qe1 Bc7 16. Ba3 Re8 17. c4 e4 18. Bxe4 Bxh3 19. f4 f5 20. Qc3 fxe4 1/2-1/2

[Event "Kiev Two Knights sf-B"]
[Site "Kiev"]
[Date "2003.01.11"]
[Round "1.1"]
[White "Timoshenko, Georgy"]
[Black "Kosikov, Alexey I"]
[Result "0-1"]
[WhiteElo "2539"]
[BlackElo "2412"]
[PlyCount "58"]
[EventDate "2003.01.11"]
[Source "ChessBase"]
[SourceDate "2003.03.07"]

1. e4 e5 2. Nf3 Nc6 3. Bc4 Nf6 4. Ng5 d5 5. exd5 Na5 6. Bb5+ c6 7. dxc6 bxc6 8. Be2 h6 9. Nh3 g5 10. d3 c5 11. Nc3 Nc6 12. Bf3 Qd7 13. Ng1 g4 14. Be4 Rg8 15. Nge2 Rb8 16. b3 h5 17. Be3 Nd4 18. Qd2 Be7 19. h3 gxh3 20. Ng1 hxg2 21. Rh2 Bb7 22. f3 Bxe4 23. dxe4 c4 24. Kf2 Bb4 25. bxc4 Rd8 26. Rxg2 Rxg2+ 27. Kxg2 Nxe4 28. fxe4 Qg4+ 29. Kf1 Nf5 0-1

[Event "Corr"]
[Site "?"]
[Date "2002.06.15"]
[Round "?"]
[White "Novikovas Anatolijus (LTU)"]
[Black "Marczell Ing.Peter (SVK)"]
[Result "1-0"]
[WhiteElo "2392"]
[BlackElo "2548"]
[PlyCount "87"]
[EventDate "2002.??.??"]
[Source "www.chesslib.no"]
[SourceDate "2004.05.04"]

1. e4 e5 2. Nf3 Nc6 3. Bc4 Nf6 4. Ng5 d5 5. exd5 Na5 6. Bb5+ c6 7. dxc6 bxc6 8. Be2 h6 9. Nh3 Bc5 10. d3 O-O 11. O-O Nb7 12. Bf3 Nd5 13. Nc3 Bb6 14. Qe2 Re8 15. Re1 Nxc3 16. bxc3 Bxh3 17. Bxc6 Bc8 18. Bxe8 Qxe8 19. Qxe5 Qxe5 20. Rxe5 Be6 21. Be3 Bc7 22. Rb5 Nd8 23. c4 Kf8 24. Rab1 Ke8 25. f4 f6 26. Kf2 Kd7 27. f5 Bg8 28. h3 a6 29. R5b3 Nc6 30. Rb7 Nd8 31. Ra7 Rxa7 32. Bxa7 Kc6 33. Re1 Bf7 34. Kf3 Kd6 35. Rb1 Kc6 36. g4 Nb7 37. Be3 Ba5 38. Bf4 Bb6 39. h4 Bd8 40. h5 Ba5 41. Bc1 Bc7 42. Bd2 a5 43. Be3 Bg8 44. Rxb7 1-0

[Event "Nice ol (Men)"]
[Site "Nice FRA"]
[Date "1974.??.??"]
[Round "3"]
[White "Lombardy, William J"]
[Black "Rubinetti, Jorge A"]
[Result "1/2-1/2"]
[WhiteElo "2520"]
[BlackElo "2415"]
[PlyCount "84"]
[EventDate "1974.06.06"]
[Source "www.chesslib.no"]
[SourceDate "2004.05.04"]

1. e4 e5 2. Nf3 Nc6 3. Bc4 Nf6 4. Ng5 d5 5. exd5 Na5 6. Bb5+ c6 7. dxc6 bxc6 8. Be2 h6 9. Nh3 Bxh3 10. gxh3 Bd6 11. Nc3 O-O 12. d3 Nb7 13. Bf3 Qd7 14. Bg2 Nd8 15. O-O Ne6 16. Kh1 Rab8 17. Ne2 Nd5 18. b3 f5 19. c4 Ne7 20. d4 e4 21. f3 exf3 22. Bxf3 Rbd8 23. Rg1 Rf6 24. Qf1 Bc7 25. Be3 f4 26. Bf2 Nf5 27. h4 Nexd4 28. Nxd4 Nxd4 29. Rd1 Be5 30. c5 Qf7 31. Qc4 Qxc4 32. bxc4 Rff8 33. Be4 f3 34. Rd3 Ne2 35. Rgd1 Rxd3 36. Rxd3 Rb8 37. Rb3 Rxb3 38. axb3 Bd4 39. Bxf3 Bxf2 40. Bxe2 Bxc5 41. Bf3 Be7 42. Bxc6 Bxh4 1/2-1/2

[Event "Kiev Two Knights sf-B"]
[Site "Kiev"]
[Date "2003.01.11"]
[Round "3.1"]
[White "Kruppa, Yuri"]
[Black "Kosikov, Alexey I"]
[Result "1-0"]
[WhiteElo "2520"]
[BlackElo "2412"]
[PlyCount "65"]
[EventDate "2003.01.11"]
[Source "ChessBase"]
[SourceDate "2003.03.07"]

1. e4 e5 2. Nf3 Nc6 3. Bc4 Nf6 4. Ng5 d5 5. exd5 Na5 6. Bb5+ c6 7. dxc6 bxc6 8. Be2 h6 9. Nh3 g5 10. d3 c5 11. Ng1 Nc6 12. Nf3 Be6 13. c3 Qc7 14. O-O Be7 15. Na3 g4 16. Nd2 h5 17. Ne4 Nd7 18. Ng5 Bf5 19. f3 Bg6 20. fxg4 Nf6 21. Rxf6 Bxf6 22. gxh5 e4 23. dxe4 Rd8 24. Qf1 Be5 25. h3 Bxh5 26. Bxh5 Rxh5 27. Be3 Qe7 28. Qb5 Rc8 29. Qa6 Qd7 30. Qe2 Rh8 31. Rf1 Qe7 32. Nc4 Bb8 33. Bxc5 1-0

[Event "Kiev Two Knights sf-B"]
[Site "Kiev"]
[Date "2003.01.11"]
[Round "3.2"]
[White "Kosikov, Alexey I"]
[Black "Kruppa, Yuri"]
[Result "0-1"]
[WhiteElo "2412"]
[BlackElo "2520"]
[PlyCount "68"]
[EventDate "2003.01.11"]
[Source "ChessBase"]
[SourceDate "2003.03.07"]

1. e4 e5 2. Nf3 Nc6 3. Bc4 Nf6 4. Ng5 d5 5. exd5 Na5 6. Bb5+ c6 7. dxc6 bxc6 8. Be2 h6 9. Nh3 g5 10. d3 Rg8 11. Ng1 g4 12. c3 c5 13. Bf1 Be6 14. Na3 Qd7 15. Nc2 Nc6 16. Ne3 Rd8 17. Qa4 Qb7 18. Ne2 h5 19. Ng3 h4 20. Ne4 Nd7 21. Nc4 Qc7 22. Bg5 Be7 23. Bxe7 Kxe7 24. Qa3 Bxc4 25. dxc4 Qb6 26. O-O-O f5 27. Rxd7+ Kxd7 28. Nf6+ Ke6 29. Nxg8 Rxg8 30. Be2 Rd8 31. f3 gxf3 32. gxf3 Rg8 33. Qa4 Rg2 34. Qc2 Qd8 0-1

[Event "TWO KNIGHTS rpd Final B"]
[Site "Kyiv"]
[Date "2003.01.12"]
[Round "3.2"]
[White "Kosikov, Alexey I"]
[Black "Kruppa, Yuri"]
[Result "0-1"]
[WhiteElo "2412"]
[BlackElo "2520"]
[PlyCount "82"]
[EventDate "2003.01.12"]
[Source "Roberto Alvarez"]
[SourceDate "2003.02.17"]

1. e4 e5 2. Nf3 Nc6 3. Bc4 Nf6 4. Ng5 d5 5. exd5 Na5 6. Bb5+ c6 7. dxc6 bxc6 8. Be2 h6 9. Nh3 g5 10. d3 Bg7 11. Ng1 O-O 12. Nf3 Nd5 13. O-O c5 14. Nfd2 Nc6 15. Nb3 Nd4 16. Nxd4 cxd4 17. c4 dxc3 18. Nxc3 Nf4 19. Bf3 Rb8 20. Qa4 Qxd3 21. Bxf4 exf4 22. Qxa7 Rxb2 23. Nd5 Bd4 24. Qe7 Rxf2 25. Rxf2 Bxa1 26. Nf6+ Bxf6 27. Qxf6 Re8 28. h3 Re6 29. Qb2 Re1+ 30. Kh2 Qb1 31. Qxb1 Rxb1 32. g3 fxg3+ 33. Kxg3 f5 34. Bd5+ Kg7 35. h4 Kf6 36. hxg5+ hxg5 37. Re2 f4+ 38. Kf3 Rd1 39. Bb3 Rd3+ 40. Kf2 g4 41. Re4 Kg5 0-1

[Event "TWO KNIGHTS rpd Final B"]
[Site "Kyiv"]
[Date "2003.01.12"]
[Round "3.1"]
[White "Kruppa, Yuri"]
[Black "Kosikov, Alexey I"]
[Result "1-0"]
[WhiteElo "2520"]
[BlackElo "2412"]
[PlyCount "78"]
[EventDate "2003.01.12"]
[Source "Roberto Alvarez"]
[SourceDate "2003.02.17"]

1. e4 e5 2. Nf3 Nc6 3. Bc4 Nf6 4. Ng5 d5 5. exd5 Na5 6. Bb5+ c6 7. dxc6 bxc6 8. Be2 h6 9. Nh3 g5 10. d3 Rg8 11. Ng1 g4 12. Nd2 Be6 13. Nf1 h5 14. Ne3 Rb8 15. c3 c5 16. Qa4+ Nd7 17. h3 f5 18. hxg4 hxg4 19. f3 gxf3 20. Bxf3 Qc7 21. Nd5 Bxd5 22. Bxd5 Rg6 23. Ne2 Nc6 24. Bf3 Kd8 25. Rh8 Ne7 26. Qh4 Qd6 27. Qc4 Qf6 28. Rh7 Bg7 29. Kd1 Nf8 30. Rh5 Qd6 31. Kc2 Ne6 32. Bd2 Rc8 33. Rah1 Nd4+ 34. Kd1 Nxf3 35. gxf3 Kc7 36. b4 Kb8 37. bxc5 Rxc5 38. Qb4+ Ka8 39. Kc2 Nd5 1-0

[Event "TWO KNIGHTS rpd Final B"]
[Site "Kyiv"]
[Date "2003.01.12"]
[Round "1.1"]
[White "Kruppa, Yuri"]
[Black "Shishkin, Vadim"]
[Result "1/2-1/2"]
[WhiteElo "2520"]
[BlackElo "2404"]
[PlyCount "45"]
[EventDate "2003.01.12"]
[Source "Roberto Alvarez"]
[SourceDate "2003.02.17"]

1. e4 e5 2. Nf3 Nc6 3. Bc4 Nf6 4. Ng5 d5 5. exd5 Na5 6. Bb5+ c6 7. dxc6 bxc6 8. Be2 h6 9. Nh3 g5 10. d3 Bg7 11. Ng1 O-O 12. Nf3 Nd5 13. O-O c5 14. c3 Rb8 15. Na3 Nf4 16. Bxf4 exf4 17. Rb1 Bb7 18. Nd2 Qd7 19. Nac4 Nxc4 20. Nxc4 Rfd8 21. Re1 Bd5 22. Qc2 g4 23. Bf1 1/2-1/2

[Event "TWO KNIGHTS rpd Final B"]
[Site "Kyiv"]
[Date "2003.01.12"]
[Round "1.2"]
[White "Shishkin, Vadim"]
[Black "Kruppa, Yuri"]
[Result "1-0"]
[WhiteElo "2404"]
[BlackElo "2520"]
[PlyCount "65"]
[EventDate "2003.01.12"]
[Source "Roberto Alvarez"]
[SourceDate "2003.02.17"]

1. e4 e5 2. Nf3 Nc6 3. Bc4 Nf6 4. Ng5 d5 5. exd5 Na5 6. Bb5+ c6 7. dxc6 bxc6 8. Be2 h6 9. Nh3 Be7 10. Nc3 O-O 11. d3 Qc7 12. O-O Bxh3 13. gxh3 Rad8 14. Qe1 Rfe8 15. Bf3 Nb7 16. Bd2 Bf8 17. Bg2 Qc8 18. Qe2 Nd6 19. Ne4 Ndxe4 20. dxe4 Nh5 21. Bxh6 Nf4 22. Bxf4 exf4 23. Rad1 Bd6 24. c3 Qc7 25. Bf3 Be5 26. Qc4 Qb6 27. Bh5 Qc7 28. Kh1 Bf6 29. Rxd8 Rxd8 30. Bf3 Rb8 31. b4 Re8 32. Rd1 c5 33. b5 1-0

[Event "Kiev Two Knights sf-A"]
[Site "Kiev"]
[Date "2003.01.11"]
[Round "2.2"]
[White "Malakhatko, Vadim"]
[Black "Shishkin, Vadim"]
[Result "1/2-1/2"]
[WhiteElo "2512"]
[BlackElo "2404"]
[PlyCount "62"]
[EventDate "2003.01.11"]
[Source "ChessBase"]
[SourceDate "2003.03.07"]

1. e4 e5 2. Nf3 Nc6 3. Bc4 Nf6 4. Ng5 d5 5. exd5 Na5 6. Bb5+ c6 7. dxc6 bxc6 8. Be2 h6 9. Nh3 Bd6 10. Nc3 O-O 11. d3 Nd5 12. O-O Nxc3 13. bxc3 Qh4 14. Kh1 Bxh3 15. gxh3 Qxh3 16. Rg1 f5 17. Qf1 Qxf1 18. Bxf1 Kh7 19. Bg2 Rab8 20. c4 e4 21. Bd2 Bb4 22. Bf4 Rbd8 23. Rab1 Bd6 24. Be3 Rf7 25. Rgd1 Bf8 26. dxe4 Rxd1+ 27. Rxd1 f4 28. Bd4 Rd7 29. Bh3 Rd8 30. Rd3 Nxc4 31. Bf5+ g6 1/2-1/2

[Event "Kiev Two Knights sf-A"]
[Site "Kiev"]
[Date "2003.01.11"]
[Round "2.1"]
[White "Shishkin, Vadim"]
[Black "Malakhatko, Vadim"]
[Result "0-1"]
[WhiteElo "2404"]
[BlackElo "2512"]
[PlyCount "52"]
[EventDate "2003.01.11"]
[Source "ChessBase"]
[SourceDate "2003.03.07"]

1. e4 e5 2. Nf3 Nc6 3. Bc4 Nf6 4. Ng5 d5 5. exd5 Na5 6. Bb5+ c6 7. dxc6 bxc6 8. Be2 h6 9. Nh3 g5 10. Nc3 Rb8 11. d3 Bg7 12. b3 O-O 13. Bb2 Nd5 14. Qd2 Be6 15. Ng1 Nf4 16. g3 Nxe2 17. Ngxe2 c5 18. Ne4 Nc6 19. Nxc5 Bg4 20. h4 Bf3 21. Rh2 g4 22. Ng1 Qd5 23. Nxf3 Qxc5 24. Ng1 e4 25. Bxg7 Kxg7 26. Ne2 exd3 0-1

[Event "ESP Ch"]
[Site "Zamora"]
[Date "1996.??.??"]
[Round "6"]
[White "Narciso Dublan, Marc"]
[Black "Fernandez Garcia, Jose L"]
[Result "1/2-1/2"]
[WhiteElo "2440"]
[BlackElo "2465"]
[PlyCount "143"]
[EventDate "1996.??.??"]
[Source "www.chesslib.no"]
[SourceDate "2004.05.04"]

1. e4 e5 2. Nf3 Nc6 3. Bc4 Nf6 4. Ng5 d5 5. exd5 Na5 6. Bb5+ c6 7. dxc6 bxc6 8. Be2 h6 9. Nh3 Bd6 10. d3 O-O 11. O-O Rb8 12. c4 Re8 13. Nc3 e4 14. Nxe4 Nxe4 15. dxe4 Bxh3 16. gxh3 Rxe4 17. c5 Bxc5 18. Qxd8+ Rxd8 19. Bf3 Re6 20. Bf4 Rf6 21. Bc7 Rd7 22. Bxa5 Rxf3 23. Kg2 Rf5 24. Bc3 Rd6 25. f4 Bd4 26. Bxd4 Rxd4 27. Rac1 Rd2+ 28. Rf2 Rxf2+ 29. Kxf2 Rxf4+ 30. Kg3 Ra4 31. a3 Ra6 32. Rc5 Rb6 33. b4 Ra6 34. Rc3 Ra4 35. Kg2 Kh7 36. Kg3 f6 37. Kg2 Kg6 38. Rg3+ Kf7 39. Rc3 a5 40. bxa5 Rxa5 41. Rxc6 Rxa3 42. Rc7+ Kg6 43. Rb7 f5 44. Rc7 Re3 45. Ra7 Kf6 46. h4 Kg6 47. Rb7 Re8 48. Kg3 Rg8 49. Kh3 Kh5 50. Rxg7 Ra8 51. Rg3 Ra4 52. Rf3 Rxh4+ 53. Kg3 Rg4+ 54. Kh3 f4 55. Ra3 Rg5 56. Ra4 Rf5 57. Kg2 Kg4 58. h3+ Kh4 59. Kf3 Kxh3 60. Rxf4 Rg5 61. Kf2 h5 62. Ra4 Rg4 63. Ra5 h4 64. Rf5 Kh2 65. Rf8 h3 66. Rf3 Rg2+ 67. Kf1 Rg1+ 68. Kf2 Ra1 69. Rf8 Ra2+ 70. Kf1 Kg3 71. Rg8+ Kf3 72. Rf8+ 1/2-1/2

[Event "TWO KNIGHTS rpd Final B"]
[Site "Kyiv"]
[Date "2003.01.12"]
[Round "1.1"]
[White "Taborov, Boris"]
[Black "Kosikov, Alexey I"]
[Result "1-0"]
[WhiteElo "2450"]
[BlackElo "2412"]
[PlyCount "53"]
[EventDate "2003.01.12"]
[Source "Roberto Alvarez"]
[SourceDate "2003.02.17"]

1. e4 e5 2. Nf3 Nc6 3. Bc4 Nf6 4. Ng5 d5 5. exd5 Na5 6. Bb5+ c6 7. dxc6 bxc6 8. Be2 h6 9. Nh3 g5 10. c3 c5 11. Bb5+ Nd7 12. d4 cxd4 13. cxd4 Qb6 14. Qe2 Bg7 15. Nc3 O-O 16. d5 a6 17. Bd3 Nc5 18. Bc2 f5 19. f3 Nab7 20. Nf2 Nd6 21. Rb1 a5 22. Be3 Ba6 23. Nd3 Ndb7 24. O-O Qd6 25. Qd2 Rae8 26. Rfe1 Nd7 27. Ba4 1-0

[Event "TWO KNIGHTS rpd Final B"]
[Site "Kyiv"]
[Date "2003.01.12"]
[Round "1.2"]
[White "Kosikov, Alexey I"]
[Black "Taborov, Boris"]
[Result "1-0"]
[WhiteElo "2412"]
[BlackElo "2450"]
[PlyCount "79"]
[EventDate "2003.01.12"]
[Source "Roberto Alvarez"]
[SourceDate "2003.02.17"]

1. e4 e5 2. Nf3 Nc6 3. Bc4 Nf6 4. Ng5 d5 5. exd5 Na5 6. Bb5+ c6 7. dxc6 bxc6 8. Be2 h6 9. Nh3 g5 10. d3 Bg7 11. Ng1 O-O 12. Nf3 Nd5 13. O-O Nb7 14. c3 Nf4 15. Bxf4 exf4 16. d4 Nd6 17. Nbd2 g4 18. Ne5 h5 19. Ndc4 Ne4 20. f3 Nf6 21. fxg4 hxg4 22. Nxg4 Nd5 23. Nge5 Qg5 24. Bf3 Ba6 25. Re1 Rfe8 26. Nd6 Bxe5 27. Nxe8 Ne3 28. Rxe3 fxe3 29. dxe5 Rxe8 30. Qd4 e2 31. Qg4 Qxg4 32. Bxg4 Rd8 33. b3 Rd2 34. Bf3 Bd3 35. Kf2 Rb2 36. Ke3 Bb1 37. Bxe2 Bxa2 38. Bf3 c5 39. b4 cxb4 40. cxb4 1-0

[Event "Kiev Two Knights sf-B"]
[Site "Kiev"]
[Date "2003.01.11"]
[Round "2.1"]
[White "Kosikov, Alexey I"]
[Black "Sergeev, Vladimir"]
[Result "1/2-1/2"]
[WhiteElo "2412"]
[BlackElo "2447"]
[PlyCount "37"]
[EventDate "2003.01.11"]
[Source "ChessBase"]
[SourceDate "2003.03.07"]

1. e4 e5 2. Nf3 Nc6 3. Bc4 Nf6 4. Ng5 d5 5. exd5 Na5 6. Bb5+ c6 7. dxc6 bxc6 8. Be2 h6 9. Nh3 g5 10. d3 Rg8 11. Nc3 Rb8 12. Ng1 g4 13. Bf1 c5 14. Nge2 Nc6 15. Ng3 Be6 16. Nge4 Nd7 17. Nd2 Nd4 18. Nb3 Qc7 19. Be3 1/2-1/2

[Event "Kiev Two Knights sf-B"]
[Site "Kiev"]
[Date "2003.01.11"]
[Round "2.2"]
[White "Sergeev, Vladimir"]
[Black "Kosikov, Alexey I"]
[Result "1/2-1/2"]
[WhiteElo "2447"]
[BlackElo "2412"]
[PlyCount "38"]
[EventDate "2003.01.11"]
[Source "ChessBase"]
[SourceDate "2003.03.07"]

1. e4 e5 2. Nf3 Nc6 3. Bc4 Nf6 4. Ng5 d5 5. exd5 Na5 6. Bb5+ c6 7. dxc6 bxc6 8. Be2 h6 9. Nh3 g5 10. d3 c5 11. Ng1 Nc6 12. c3 Be6 13. Nf3 Be7 14. h3 Qd7 15. Nbd2 Rd8 16. Qa4 Qc7 17. Nc4 Nd7 18. Qc2 Bf5 19. g4 Bh7 1/2-1/2

[Event "TWO KNIGHTS rpd Final B"]
[Site "Kyiv"]
[Date "2003.01.12"]
[Round "3.1"]
[White "Shishkin, Vadim"]
[Black "Taborov, Boris"]
[Result "1/2-1/2"]
[WhiteElo "2404"]
[BlackElo "2450"]
[PlyCount "70"]
[EventDate "2003.01.12"]
[Source "Roberto Alvarez"]
[SourceDate "2003.02.17"]

1. e4 e5 2. Nf3 Nc6 3. Bc4 Nf6 4. Ng5 d5 5. exd5 Na5 6. Bb5+ c6 7. dxc6 bxc6 8. Be2 h6 9. Nh3 g5 10. Nc3 Bg7 11. d3 O-O 12. Ng1 Nb7 13. Nf3 Nd5 14. Nxd5 cxd5 15. d4 e4 16. Ne5 f6 17. Ng6 Re8 18. h4 Bf5 19. h5 Bxg6 20. hxg6 f5 21. c3 Re6 22. Bb5 a6 23. Ba4 Rxg6 24. Bb3 Na5 25. f3 Rb8 26. fxe4 Nxb3 27. axb3 dxe4 28. b4 f4 29. Qe2 Rbb6 30. Ra5 e3 31. O-O Qd7 32. b3 Rb5 33. Ra2 Rc6 34. Qd3 e2 35. Rxe2 Rxc3 1/2-1/2

[Event "TWO KNIGHTS rpd Final B"]
[Site "Kyiv"]
[Date "2003.01.12"]
[Round "3.2"]
[White "Taborov, Boris"]
[Black "Shishkin, Vadim"]
[Result "1/2-1/2"]
[WhiteElo "2450"]
[BlackElo "2404"]
[PlyCount "48"]
[EventDate "2003.01.12"]
[Source "Roberto Alvarez"]
[SourceDate "2003.02.17"]

1. e4 e5 2. Nf3 Nc6 3. Bc4 Nf6 4. Ng5 d5 5. exd5 Na5 6. Bb5+ c6 7. dxc6 bxc6 8. Be2 h6 9. Nh3 g5 10. d3 Bg7 11. Nc3 O-O 12. Ng1 Rb8 13. h4 g4 14. Ne4 Nd5 15. Ng3 f5 16. Nh5 Be6 17. Bd2 c5 18. Qc1 f4 19. Qd1 g3 20. fxg3 Nc6 21. Nf3 fxg3 22. Nxg3 Nf4 23. O-O Bg4 24. Bc3 Rb7 1/2-1/2

[Event "Kiev Two Knights sf-A"]
[Site "Kiev"]
[Date "2003.01.11"]
[Round "1.1"]
[White "Taborov, Boris"]
[Black "Shishkin, Vadim"]
[Result "0-1"]
[WhiteElo "2450"]
[BlackElo "2404"]
[PlyCount "58"]
[EventDate "2003.01.11"]
[Source "ChessBase"]
[SourceDate "2003.03.07"]

1. e4 e5 2. Nf3 Nc6 3. Bc4 Nf6 4. Ng5 d5 5. exd5 Na5 6. Bb5+ c6 7. dxc6 bxc6 8. Be2 h6 9. Nh3 Bd6 10. d3 O-O 11. Nc3 Nd5 12. O-O Rb8 13. Bf3 Nxc3 14. bxc3 Qh4 15. Kh1 Bxh3 16. gxh3 Qxh3 17. Bg2 Qh4 18. Qf3 e4 19. Qh3 Qxh3 20. Bxh3 exd3 21. cxd3 Rfd8 22. Be3 Be5 23. Bxa7 Rb7 24. Be3 Rxd3 25. Rad1 Rxc3 26. Rd8+ Kh7 27. Bg2 Nc4 28. Bxc6 Nxe3 29. fxe3 Rxc6 0-1

[Event "Kiev Two Knights sf-A"]
[Site "Kiev"]
[Date "2003.01.11"]
[Round "1.2"]
[White "Shishkin, Vadim"]
[Black "Taborov, Boris"]
[Result "0-1"]
[WhiteElo "2404"]
[BlackElo "2450"]
[PlyCount "74"]
[EventDate "2003.01.11"]
[Source "ChessBase"]
[SourceDate "2003.03.07"]

1. e4 e5 2. Nf3 Nc6 3. Bc4 Nf6 4. Ng5 d5 5. exd5 Na5 6. Bb5+ c6 7. dxc6 bxc6 8. Be2 h6 9. Nh3 g5 10. Nc3 Bg7 11. d3 O-O 12. Ng1 Nb7 13. Nf3 Nd5 14. Nxd5 cxd5 15. d4 e4 16. Ne5 Nd6 17. h4 gxh4 18. c3 Nf5 19. Bf4 Qb6 20. Qd2 Rb8 21. O-O-O Be6 22. g4 hxg3 23. fxg3 Rfc8 24. Kb1 e3 25. Qc2 Nd6 26. Bg4 Ne4 27. Ka1 Nf2 28. Bxh6 Nxh1 29. Rxh1 Bxh6 30. Rxh6 Bf5 31. Rxb6 Bxc2 32. Nc6 Re8 33. b4 Kg7 34. b5 Rh8 35. Nb4 Be4 36. Be2 Rh2 37. Bd3 Rd2 0-1

[Event "Corr"]
[Site "?"]
[Date "2002.02.15"]
[Round "?"]
[White "Cepela Vladimir"]
[Black "Marek Stanislav"]
[Result "1/2-1/2"]
[WhiteElo "2448"]
[BlackElo "2393"]
[PlyCount "45"]
[EventDate "2002.??.??"]
[Source "www.chesslib.no"]
[SourceDate "2004.05.04"]

1. e4 e5 2. Nf3 Nc6 3. Bc4 Nf6 4. Ng5 d5 5. exd5 Na5 6. Bb5+ c6 7. dxc6 bxc6 8. Be2 h6 9. Nh3 Bc5 10. O-O O-O 11. d3 Nb7 12. Nc3 Nd5 13. Bf3 Bb6 14. Qe2 Re8 15. Re1 Bxh3 16. gxh3 Nxc3 17. bxc3 Qf6 18. Rb1 e4 19. dxe4 Qxc3 20. e5 Nd8 21. Rb3 Qa5 22. Bb2 Rc8 23. Bc3 1/2-1/2

[Event "Munich zt"]
[Site "Munich"]
[Date "1987.??.??"]
[Round "?"]
[White "Veinger, Itzhak"]
[Black "Wittmann, Walter"]
[Result "1-0"]
[WhiteElo "2440"]
[BlackElo "2400"]
[PlyCount "71"]
[EventDate "1987.01.??"]
[Source "ChessBase"]

1. e4 e5 2. Nf3 Nc6 3. Bc4 Nf6 4. Ng5 d5 5. exd5 Na5 6. Bb5+ c6 7. dxc6 bxc6 8. Be2 h6 9. Nh3 Bd6 10. d3 O-O 11. O-O Nd5 12. c4 Ne7 13. Nc3 Ng6 14. Kh1 Bxh3 15. gxh3 Qh4 16. Rg1 Qxh3 17. Ne4 Bc7 18. Rg4 f5 19. Rxg6 fxe4 20. Qg1 Kh8 21. dxe4 Bb6 22. Be3 Bxe3 23. fxe3 Rf7 24. b3 Rd8 25. Bg4 Qh4 26. Rf1 Rxf1 27. Qxf1 Nb7 28. Qf7 Qe1+ 29. Kg2 Qd2+ 30. Kf1 Qc1+ 31. Kf2 Qd2+ 32. Be2 Rg8 33. Qe7 c5 34. h4 Qd8 35. Qxb7 Qxh4+ 36. Kg2 1-0

[Event "TWO KNIGHTS rpd Final B"]
[Site "Kyiv"]
[Date "2003.01.12"]
[Round "2.2"]
[White "Shishkin, Vadim"]
[Black "Kosikov, Alexey I"]
[Result "1/2-1/2"]
[WhiteElo "2404"]
[BlackElo "2412"]
[PlyCount "60"]
[EventDate "2003.01.12"]
[Source "Roberto Alvarez"]
[SourceDate "2003.02.17"]

1. e4 e5 2. Nf3 Nc6 3. Bc4 Nf6 4. Ng5 d5 5. exd5 Na5 6. Bb5+ c6 7. dxc6 bxc6 8. Be2 h6 9. Nh3 g5 10. Nc3 Rg8 11. d3 Rb8 12. Ng1 g4 13. g3 c5 14. h3 h5 15. hxg4 hxg4 16. b3 Nc6 17. Bb2 Nd4 18. Qd2 Bf5 19. O-O-O Be7 20. Kb1 c4 21. dxc4 Nxc2 22. Bd3 Bxd3 23. Qxd3 Qxd3 24. Rxd3 Nd4 25. Nge2 Nf3 26. Nd5 Ne4 27. Bc1 Bc5 28. Be3 Bxe3 29. Rxe3 Nxf2 30. Nf6+ Kd8 1/2-1/2

[Event "TWO KNIGHTS rpd Final B"]
[Site "Kyiv"]
[Date "2003.01.12"]
[Round "2.1"]
[White "Kosikov, Alexey I"]
[Black "Shishkin, Vadim"]
[Result "0-1"]
[WhiteElo "2412"]
[BlackElo "2404"]
[PlyCount "54"]
[EventDate "2003.01.12"]
[Source "Roberto Alvarez"]
[SourceDate "2003.02.17"]

1. e4 e5 2. Nf3 Nc6 3. Bc4 Nf6 4. Ng5 d5 5. exd5 Na5 6. Bb5+ c6 7. dxc6 bxc6 8. Be2 h6 9. Nh3 g5 10. d3 Bg7 11. Ng1 O-O 12. Nf3 Nd5 13. O-O Rb8 14. c3 c5 15. Re1 Nf4 16. Bxf4 exf4 17. Qc2 Bf5 18. Na3 c4 19. Red1 Re8 20. Bf1 g4 21. Nd4 Bxd4 22. cxd4 g3 23. Qc3 gxf2+ 24. Kxf2 Re3 25. Rd2 cxd3 26. b3 Nc6 27. Kg1 Nxd4 0-1

[Event "DSU"]
[Site "?"]
[Date "2000.02.15"]
[Round "?"]
[White "Bohak Janko (SLO)"]
[Black "Andresen Tarald (NOR)"]
[Result "1-0"]
[WhiteElo "2398"]
[BlackElo "2417"]
[PlyCount "57"]
[EventDate "2000.??.??"]
[Source "www.chesslib.no"]
[SourceDate "2004.05.04"]

1. e4 e5 2. Nf3 Nc6 3. Bc4 Nf6 4. Ng5 d5 5. exd5 Na5 6. Bb5+ c6 7. dxc6 bxc6 8. Be2 h6 9. Nh3 Bc5 10. O-O g5 11. Kh1 Bxh3 12. gxh3 Qd7 13. Bg4 Nxg4 14. Qxg4 f5 15. Qh5+ Qf7 16. Qxf7+ Kxf7 17. Kg2 Rhd8 18. d3 Kf6 19. Nd2 Bb6 20. Re1 c5 21. b3 Nc6 22. Nc4 Nd4 23. Rxe5 Nxc2 24. Rb1 Rxd3 25. Bb2 Kg6 26. Re6+ Kh7 27. Re7+ Kg8 28. Rg7+ Kf8 29. Rh7 1-0